[Event "BdF-Diamant 09 email"]
[Site "GER email"]
[Date "2018.06.19"]
[Round "?"]
[White "Hitzegrad, Juergen"]
[Black "Seric, Alen"]
[Result "1/2-1/2"]
[WhiteElo "2306"]
[BlackElo "2313"]
[PlyCount "62"]
[EventDate "2018.??.??"]
[EventType "tourn (corr)"]
[EventRounds "10"]
[EventCountry "GER"]
[SourceTitle "Corr 2020"]
[Source "ChessBase"]
[SourceDate "2019.09.30"]
[SourceVersion "1"]
[SourceVersionDate "2019.09.30"]
[SourceQuality "1"]

1. d4 d5 2. c4 c6 3. Nc3 Nf6 4. Nf3 e6 5. Bg5 h6 6. Bxf6 Qxf6 7. e3 Nd7 8. Bd3 dxc4 9. Bxc4 g6 10. 0-0 Bg7 11. Rc1 Qe7 12. e4 0-0 13. e5 c5 14. Re1 cxd4 15. Qxd4 Nb6 16. Bb3 Bd7 17. Qe3 Rac8 18. Rcd1 Bc6 19. Nd4 Rfd8 20. g3 Be8 21. f4 Nc4 22. Bxc4 Rxc4 23. b3 Rcc8 24. Ne4 Qb4 25. h4 h5 26. Rf1 Qb6 27. Kh2 Bb5 28. Rfe1 Be8 29. a4 Rd5 30. Rd3 Rcd8 31. Red1 a6 1/2-1/2

[Event "BdF-Diamant 09 email"]
[Site "GER email"]
[Date "2018.06.19"]
[Round "?"]
[White "Koch, Hans Georg"]
[Black "Hitzegrad, Juergen"]
[Result "1/2-1/2"]
[WhiteElo "2311"]
[BlackElo "2306"]
[PlyCount "60"]
[EventDate "2018.??.??"]
[EventType "tourn (corr)"]
[EventRounds "10"]
[EventCountry "GER"]
[SourceTitle "Corr 2020"]
[Source "ChessBase"]
[SourceDate "2019.09.30"]
[SourceVersion "1"]
[SourceVersionDate "2019.09.30"]
[SourceQuality "1"]

1. Nf3 Nf6 2. c4 g6 3. d4 Bg7 4. Nc3 0-0 5. e4 d6 6. Be2 e5 7. 0-0 Nc6 8. d5 Ne7 9. Ne1 Nd7 10. Be3 f5 11. f3 f4 12. Bf2 g5 13. Nd3 Nf6 14. c5 Ng6 15. Rc1 Rf7 16. a4 h5 17. cxd6 cxd6 18. Nb5 g4 19. Bxa7 g3 20. Kh1 Ne8 21. Bg1 gxh2 22. Bf2 Bf6 23. a5 Rxa5 24. Bb6 Qxb6 25. Rxc8 Rxb5 26. Rxe8+ Kh7 27. b4 Rg7 28. Rc8 Nh4 29. Nxf4 exf4 30. e5 Bxe5 1/2-1/2

[Event "BdF-Diamant 09 email"]
[Site "GER email"]
[Date "2018.06.19"]
[Round "?"]
[White "Rivas Maceda, Jorge"]
[Black "Hitzegrad, Juergen"]
[Result "1-0"]
[WhiteElo "2302"]
[BlackElo "2306"]
[PlyCount "127"]
[EventDate "2018.??.??"]
[EventType "tourn (corr)"]
[EventRounds "10"]
[EventCountry "GER"]
[SourceTitle "Corr 2022"]
[Source "ChessBase"]
[SourceDate "2021.10.24"]
[SourceVersion "1"]
[SourceVersionDate "2021.10.24"]
[SourceQuality "1"]

1. e4 c5 2. Nf3 d6 3. d4 cxd4 4. Nxd4 Nf6 5. Nc3 a6 6. Bg5 e6 7. f4 Qb6 8. Qd2 Qxb2 9. Rb1 Qa3 10. e5 dxe5 11. fxe5 Nfd7 12. Ne4 Qxa2 13. Rd1 Qd5 14. Qe3 Qxe5 15. Be2 Bc5 16. 0-0 0-0 17. Bf4 Qd5 18. c4 Qc6 19. Bd6 Qb6 20. Bxf8 Nxf8 21. Bh5 Nbd7 22. Bxf7+ Kh8 23. Nxc5 Qxc5 24. Rfe1 Nf6 25. Nxe6 Qxe3+ 26. Rxe3 Bxe6 27. Bxe6 Re8 28. Rde1 Nxe6 29. Rxe6 Rc8 30. Re7 h6 31. Rxb7 Rxc4 32. h3 Rc6 33. Re5 Kh7 34. g4 Rc8 35. Kg2 Rc2+ 36. Kf3 Rc3+ 37. Re3 Rc8 38. Ree7 Rg8 39. Re6 Rf8 40. Kg2 a5 41. Ree7 Rg8 42. Kf3 Nd5 43. Red7 Nc3 44. Rdc7 Nd5 45. Rc5 Nf6 46. Rxa5 Rd8 47. Raa7 Rg8 48. h4 h5 49. g5 Ng4 50. Ke4 Nf2+ 51. Kf3 Ng4 52. Re7 Rf8+ 53. Ke4 Rg8 54. Rad7 Kg6 55. Kd4 Kh7 56. Kc5 Nf2 57. Kc6 Ng4 58. Kc7 Kg6 59. Rd8 Rxd8 60. Kxd8 Nh2 61. Re3 Nf1 62. Rd3 Nh2 63. Ke7 Ng4 64. Kf8 1-0

[Event "BdF-Diamant 09 email"]
[Site "GER email"]
[Date "2018.06.19"]
[Round "?"]
[White "Skonieczna, Barbara"]
[Black "Hitzegrad, Juergen"]
[Result "1/2-1/2"]
[WhiteElo "2325"]
[BlackElo "2306"]
[PlyCount "59"]
[EventDate "2018.??.??"]
[EventType "tourn (corr)"]
[EventRounds "10"]
[EventCountry "GER"]
[SourceTitle "Corr 2020"]
[Source "ChessBase"]
[SourceDate "2019.09.30"]
[SourceVersion "1"]
[SourceVersionDate "2019.09.30"]
[SourceQuality "1"]

1. e4 c5 2. c3 d5 3. exd5 Qxd5 4. d4 Nf6 5. Nf3 Bg4 6. Be2 e6 7. 0-0 Nc6 8. h3 Bh5 9. Be3 cxd4 10. Nxd4 Bxe2 11. Qxe2 Nxd4 12. Bxd4 Be7 13. Rd1 Qc6 14. Nd2 0-0 15. Nf3 Rfd8 16. a4 Qe4 17. Qxe4 Nxe4 18. Kf1 Nc5 19. Bxc5 Bxc5 20. Ke2 Kf8 21. Rxd8+ Rxd8 22. a5 a6 23. Ra4 h6 24. Rc4 Bd6 25. Nd2 f5 26. f4 Ke7 27. Nf3 Rd7 28. h4 Rc7 29. Rd4 Rc5 30. Rb4 1/2-1/2

[Event "BdF-Diamant 09 email"]
[Site "GER email"]
[Date "2018.06.19"]
[Round "?"]
[White "Wichert, Gerd"]
[Black "Hitzegrad, Juergen"]
[Result "1/2-1/2"]
[WhiteElo "2302"]
[BlackElo "2306"]
[PlyCount "100"]
[EventDate "2018.??.??"]
[EventType "tourn (corr)"]
[EventRounds "10"]
[EventCountry "GER"]
[SourceTitle "Corr 2020"]
[Source "ChessBase"]
[SourceDate "2019.09.30"]
[SourceVersion "1"]
[SourceVersionDate "2019.09.30"]
[SourceQuality "1"]

1. d4 d5 2. c4 c6 3. Nf3 Nf6 4. e3 Bf5 5. Nc3 e6 6. Nh4 Bg6 7. Be2 Nbd7 8. 0-0 Bd6 9. g3 0-0 10. Nxg6 hxg6 11. Qb3 Rb8 12. Rd1 Qe7 13. Qc2 dxc4 14. Bxc4 Rbc8 15. Bd2 Nb6 16. Bf1 Rfe8 17. Rac1 Rcd8 18. Qb3 Rd7 19. a4 Bb4 20. Nb1 Nbd5 21. a5 Red8 22. h4 Bd6 23. Nc3 c5 24. dxc5 Bxc5 25. Na4 Bd6 26. Bg2 Ng4 27. Be1 Ndf6 28. Ra1 Ne5 29. Qb5 Kh7 30. Rac1 Neg4 31. Qb3 Kg8 32. Ra1 Kh7 33. Nc3 Ne5 34. Ne2 Nd5 35. Nf4 Nxf4 36. exf4 Ng4 37. a6 b6 38. Bc6 Rc7 39. Qb5 Nh6 40. Be4 Nf5 41. Bc3 Bc5 42. Kg2 Nd4 43. Qf1 Rcd7 44. Rab1 f5 45. Bb7 Bb4 46. h5 gxh5 47. Qc4 Bxc3 48. bxc3 Rc7 49. Qd3 Nc6 50. Qf3 Rxd1 1/2-1/2